The Cambridge history of India (Record no. 553124)
[ view plain ]
| 000 -LEADER | |
|---|---|
| fixed length control field | 00576nam a2200169Ia 4500 |
| 020 ## - INTERNATIONAL STANDARD BOOK NUMBER | |
| International Standard Book Number | (hb) |
| 082 ## - DEWEY DECIMAL CLASSIFICATION NUMBER | |
| Classification number | 954.031 |
| Author Mark | CAM |
| 245 ## - TITLE STATEMENT | |
| Title | The Cambridge history of India |
| 260 ## - PUBLICATION, DISTRIBUTION, ETC. | |
| Place of publication, distribution, etc. | Cambridge: |
| Name of publisher, distributor, etc. | The University Press |
| Date of publication, distribution, etc. | 1922 |
| 300 ## - PHYSICAL DESCRIPTION | |
| Extent | Library has: 1-3-4-5-6. |
| 500 ## - GENERAL NOTE | |
| General note | Vol.1.-- Ancient India. Vo.3-- Turks and Afghans. Vo.4-- The Mughul period. Vol.5-- British India 1497-1858. Vol.6-- The Indian empire |
| 526 ## - STUDY PROGRAM INFORMATION NOTE | |
| Program name | 0 |
| Interest level | 0 |
| Reading level | 0 |
| Title point value | 954_031000000000000_CAM |
| 650 ## - SUBJECT ADDED ENTRY--TOPICAL TERM | |
| Topical term or geographic name entry element | India -- History |
| 9 (RLIN) | 6814 |
| 650 ## - SUBJECT ADDED ENTRY--TOPICAL TERM | |
| Topical term or geographic name entry element | MCE |
| 9 (RLIN) | 379 |
| 700 ## - ADDED ENTRY--PERSONAL NAME | |
| Personal name | Rapson, E. J. |
| 9 (RLIN) | 50393 |
| 942 ## - ADDED ENTRY ELEMENTS (KOHA) | |
| Source of classification or shelving scheme | |
| Koha item type | Book |
| Withdrawn status | Lost status | Source of classification or shelving scheme | Damaged status | Not for loan | Permanent Location | Current Location | Shelving location | Date acquired | Total Checkouts | Full call number | Barcode | Date last seen | Price effective from | Koha item type |
|---|---|---|---|---|---|---|---|---|---|---|---|---|---|---|
| Military College of Engineering (MCE) | Military College of Engineering (MCE) | 01/29/2015 | 954.031 CAM | MCE-ECC .15 | 01/29/2015 | 01/29/2015 | Book |
